=LDR 00000nam 2200000 4500 =001 INLIS000000000019285 =005 20130612114352 =008 ***********************************Ind** =035 ##$$0010-061300000019285 =041 ##$$a Ind =082 ##$$a R.492.731 =090 ##$$a R.492.731, Mun a =100 ##$$a aMunawwir, Ahmad Warson =245 ##$$a Al-munawwir, kamus Arab-Indonesia, Ahmad Warson Munawwir =260 ##$$a 1997 $b Surabaya =300 ##$$a xiv, 1634 hlm, 24 cm =650 ##$$a Kamus Dua Bahasa =850 ##$$a NBPNMAT